00510nam a2200181Ia 450000500170000000800410001704000190005804100120007708200150008910000240010424500830012826000330021130000140024450400180025865000270027665100150030385000100031820221022095742.0131103s9999 xx 000 0 und d aLoreto College aEnglish a155.4bSKI aSkinner, Charles E. aChild psychologyb child development and modern education cCharles E. Skinner aNew YorkbMacmillan Coc1958 axii,522p  aInclude index aEducational Psychology aPsychology aLCLIB